000 00711nam a2200241Ia 4500
003 OSt
005 20220926004243.0
006 a|||||r|||| 00| 0
007 ta
008 220923b |||||||| |||| 00| 0 eng d
037 _cGeneral Book
040 _aRTL
_cRTL
_beng
041 _2eng
_aeng
082 _aU45.237.N8, N0
100 _aPrasad Rajendra
_9308653
245 0 _aPopulation geography of India
_b A case study of Rajasthan)
260 _a New Delhi
_bRadha Publications India
_c1990
300 _axxiii,232p
_ccm.
500 _aBibliography:p.218-28
650 _aRural Geography
942 _hU45.237.N8, N0
_cGB
_2CC
999 _c610388
_d610388